Piłka nożna quiz #168 - Najstarsi strzelcy reprezentacji Anglii - Statystyki

Ogólne statystyki
  • Ten quiz został rozwiązany 128 razy
  • Średni wynik to 3 z 5
Statystyki odpowiedzi
Zawodnik Pozycja Data zdobycia bramki Wiek zawodnika % Poprawnych
Kyle Walker Prawy obrońca 09.09.2023 33 lat 03 miesięcy 12 dni
81%
Steven Gerrard Środkowy pomocnik 15.10.2013 33 lat 04 miesięcy 15 dni
77%
Frank Lampard Środkowy pomocnik 29.05.2013 34 lat 11 miesięcy 09 dni
66%
Jermain Defoe Środkowy napastnik 26.03.2017 34 lat 05 miesięcy 19 dni
21%
Teddy Sheringham Środkowy napastnik 06.10.2001 35 lat 06 miesięcy 04 dni
18%
Nie znaleziono quizów pasujących do podanych kryteriów
Rozkład punktacji
Procent ludzi z każdym wynikiem
Percentyl według liczby udzielonych odpowiedzi
Twoja historia wyników
Nie rozwiązałeś tego quizu